|
|
|
|
| LEADER |
00000cam a2200000 a 4500 |
| 001 |
vtls001113512 |
| 003 |
SK-MaSNL |
| 005 |
20260301220607.0 |
| 008 |
240318s1978 xo da n 00000 slo |
| 015 |
|
|
|a SNBA1978
|
| 020 |
|
|
|q (brož.)
|
| 035 |
|
|
|a SNK000056355
|
| 040 |
|
|
|a SNK
|b slo
|c SNK
|e AACR2
|
| 041 |
0 |
|
|a slo
|
| 044 |
|
|
|a xo
|c SK
|
| 080 |
|
|
|a 681.52+681.58(075.8)
|2 1981
|
| 080 |
|
|
|a 681.58(075.8)
|2 1981
|
| 080 |
|
|
|a 621.3.049
|2 1981
|
| 080 |
|
|
|a 62-50(075.8)
|2 1981
|
| 080 |
|
|
|a 62-50
|2 1981
|
| 080 |
|
|
|a 621.3.049(075.8)
|2 1981
|
| 100 |
1 |
|
|a Bízik, Juraj,
|d 1929-
|4 aut
|9 213943
|
| 245 |
1 |
0 |
|a Základy automatizácie
|c Juraj Bízik
|
| 250 |
|
|
|a 3. preprac. vyd.
|
| 260 |
|
|
|a Bratislava
|b Slovenská vysoká škola technická
|c 1978
|
| 300 |
|
|
|a 211 s.
|b grafy, sch., tab.
|c 29 cm
|
| 366 |
|
|
|e 240 výt.
|
| 504 |
|
|
|a Bibliogr. odkazy
|
| 650 |
0 |
7 |
|a automatizácia
|2 SNKPH
|9 1428
|
| 650 |
0 |
7 |
|a automatizované systémy riadenia
|2 SNKPH
|9 28612
|
| 650 |
0 |
7 |
|a automatické riadenie
|2 NKPH
|9 67900
|
| 655 |
|
7 |
|a učebnice vysokých škôl
|2 SNKPH
|9 70191
|
| 958 |
|
|
|a OND
|
| 958 |
|
|
|a NB
|
| 999 |
|
|
|c 932413
|d 934343
|
| 952 |
|
|
|a SNK
|b SNK
|y PREZ
|7 0
|p 17A0967520
|o snkSB 26436
|i snkKSP 2489/78
|0 0
|1 0
|4 0
|d 2014-07-21
|f 1
|l 0
|r 2026-02-24 08:53:11
|w 2026-02-24
|
| 952 |
|
|
|a SNK
|b SNK
|y VYP
|7 0
|o snkSB 26436 D1
|i snkKSP 2490/78
|0 0
|1 0
|4 0
|d 2014-07-21
|l 0
|r 2026-02-24 08:53:11
|w 2026-02-24
|